000
00229nam a2200097Ia 4500
008
170619s9999 xx 000 0 und d
100
_a
Webster John G
245
0
_a
Medical Instrumentation
260
_b
New Delhi : Wiley
260
_c
2004
546
_a
ENGLISH
999
_c
18350
_d
18350